000 00533nam a2200217Ia 4500
005 20250425161625.0
008 250425s9999 xx 000 0 und d
020 _a0839110210
041 _aeng
082 _a541.308
100 _aKERKER, MILTON
245 0 _aSURFACE CHEMISTRY AND COLLOIDS
250 _a1TH ED.
260 _aLONDON
260 _aReino Unido
_bBUTTERWORTHS
_c1972
300 _a306
500 _aPHYSICAL CHEMISTRY , SERIES ONE, V.7
650 _aQUIMICA SUPERFICIAL
942 _c01
010 _a24478
999 _c212792
_d212792